Представление документа в формате MARC21

Поле Инд. ПП Название Значение
Тип записи a
Библиографический уровень m
001 Контрольный номер 0d3267aa-920d-42d3-abab-e84c38878cf7
005 Дата корректировки 20140226115350.4
008 Кодируемые данные 990217 d
020 a ISBN 5-87604-010-Х
c Цена, тираж 28.00
040 a Служба первич. каталог. НБ ТвГУ
041 a Код языка текста rus
080 a Индекс УДК 64.041
084 a Индекс другой классификации/Индекс ББК М79
090 a Полочн. индекс М79
x Авторский знак П82
c Каталожный индекс М79
245 00 a Заглавие Простые практические домашние советы в быту
b Продолж. заглавия Советы и рекомендации
c Ответственность Сост.: Е.И. Цыганов, Т.В, Цыганова
260 0_ a Место издания Москва
b Издательство Лабиринт
c Дата издания 1993
300 a Объем 91 с.
b Иллюстрации/ тип воспроизводства ил.
650 a Основная рубрика Домоводство
653 a Ключевые слова Полезные советы по домоводству
700 1_ a Другие авторы Цыганов Е И
e Роль лиц сост.
700 1_ a Другие авторы Цыганова Т В
e Роль лиц сост.
920 a Оператор Бочк
954 a Дата поступления на обработку 22.06.93
a Дата поступления на обработку 22.06.93